Statystyki dla Quiz o Messi

Kliknij tutaj aby rozwiązać quiz!

Ogólne statystyki

  • Ten quiz został rozwiązany 839 razy
  • Średni wynik to 5 z 6

Statystyki odpowiedzi

ZagadnienieOdpowiedź% Poprawnych
Z JAKIEGO KRAJU JEST LIONEL MESSI?ARGENTYNA
100%
JAKI BYŁ JEGO PIERWSZY KLUB POZA KLUBAMI ARGENTYŃSKIMI?FC BARCELONA
95%
ILE ZŁOTYCH PIŁEK MA LIONEL MESSI?7
92%
NA JAKIEJ POZYCJI GRA LIONEL MESSI?NAPASTNIK
92%
LIONEL MESSI JEST?LEWONOŻNY
79%
KIEDY URODZIŁ SIĘ LIONEL MESSI?24 CZERWCA 1987
75%

Rozkład punktacji

Percentyl według liczby udzielonych odpowiedzi

Procent ludzi z każdym wynikiem

Twoja historia wyników

Nie rozwiązałeś tego quizu